On the subject of religion : (Record no. 804)

MARC details
000 -LEADER
fixed length control field 01928nam a22003737a 4500
001 - CONTROL NUMBER
control field 22476786
005 - DATE AND TIME OF LATEST TRANSACTION
control field 20231107135316.0
008 - FIXED-LENGTH DATA ELEMENTS--GENERAL INFORMATION
fixed length control field 231107b |||||||| |||| 00| 0 eng d
010 ## - LIBRARY OF CONGRESS CONTROL NUMBER
LC control number 2022013480
020 ## - INTERNATIONAL STANDARD BOOK NUMBER
International Standard Book Number 9781800502284
Qualifying information (hardback)
020 ## - INTERNATIONAL STANDARD BOOK NUMBER
International Standard Book Number 9781800502291
Qualifying information (paperback)
020 ## - INTERNATIONAL STANDARD BOOK NUMBER
Canceled/invalid ISBN 9781800502307
Qualifying information (epdf)
020 ## - INTERNATIONAL STANDARD BOOK NUMBER
Canceled/invalid ISBN 9781800502574
Qualifying information (epub)
040 ## - CATALOGING SOURCE
Original cataloging agency DLC
Language of cataloging eng
Description conventions rda
Transcribing agency KMU
Modifying agency KMU
042 ## - AUTHENTICATION CODE
Authentication code pcc
050 00 - LIBRARY OF CONGRESS CALL NUMBER
Classification number BL 41
245 00 - TITLE STATEMENT
Title On the subject of religion :
Remainder of title charting the fault lines of a field of study /
Statement of responsibility, etc. edited by James Dennis LoRusso.
263 ## - PROJECTED PUBLICATION DATE
Projected publication date 2210
264 #1 - PRODUCTION, PUBLICATION, DISTRIBUTION, MANUFACTURE, AND COPYRIGHT NOTICE
Place of production, publication, distribution, manufacture Sheffield, South Yorkshire ;
-- Bristol, CT :
Name of producer, publisher, distributor, manufacturer Equinox Publishing Ltd,
Date of production, publication, distribution, manufacture, or copyright notice 2022.
300 ## - PHYSICAL DESCRIPTION
Extent VI,231 p.:
336 ## - CONTENT TYPE
Content type term text
Content type code txt
Source rdacontent
337 ## - MEDIA TYPE
Media type term unmediated
Media type code n
Source rdamedia
338 ## - CARRIER TYPE
Carrier type term volume
Carrier type code nc
Source rdacarrier
490 0# - SERIES STATEMENT
Series statement NAASR working papers
504 ## - BIBLIOGRAPHY, ETC. NOTE
Bibliography, etc. note Includes bibliographical references and index.
520 ## - SUMMARY, ETC.
Summary, etc. "On the Subject of Religion takes as its inspiration the work of the late Jonathan Z. Smith, who challenged scholars to be mindful of the ways in which they imagine religion and religious data. Building on this crucial insight, this book brings together a range of early-career and established scholars of religion to explore how various domains of society-the classroom, academic literature, public debates, and private fundraising-shape, and are shaped, by the contours of the academic study of religion"--
Assigning source Provided by publisher.
600 10 - SUBJECT ADDED ENTRY--PERSONAL NAME
Personal name Smith, Jonathan Z.
General subdivision Influence.
650 #0 - SUBJECT ADDED ENTRY--TOPICAL TERM
Topical term or geographic name entry element Religion
General subdivision Study and teaching.
700 1# - ADDED ENTRY--PERSONAL NAME
Personal name LoRusso, James Dennis,
Relator term editor.
776 08 - ADDITIONAL PHYSICAL FORM ENTRY
Relationship information Online version:
Title On the subject of religion
Place, publisher, and date of publication Sheffield, South Yorkshire ; Bristol, CT : Equinox Publishing Ltd, 2022
International Standard Book Number 9781800502307
Record control number (DLC) 2022013481
906 ## - LOCAL DATA ELEMENT F, LDF (RLIN)
a 7
b cbc
c orignew
d 1
e ecip
f 20
g y-gencatlg
942 ## - ADDED ENTRY ELEMENTS (KOHA)
Source of classification or shelving scheme Library of Congress Classification
Koha item type Non-Fiction
Suppress in OPAC No
Holdings
Withdrawn status Lost status Source of classification or shelving scheme Damaged status Not for loan Collection Home library Current library Shelving location Date acquired Source of acquisition Total Checkouts Full call number Barcode Date last seen Price effective from Koha item type
    Library of Congress Classification     Non-fiction Kapasa Makasa University Kapasa Makasa University Open Access 07.11.2023 ZLS   BL 41 The 300673 07.11.2023 07.11.2023 Non-Fiction